000
00219 a2200097 4500
001
48903
100
_a
QAM
245
_a
Pakistan Pahar Aur Kohe Paymani
260
_a
Lahore
_b
Deed Shaneed Pub
_c
090
_c
31796
_d
31796
942
_a
NUST-CAE
_c
M
_c
24220
999
_c
283976
_d
283976